Movies Quiz

Random Movies or Actor Quiz

Jim Carrey Movies Quiz Stats

 Plays Quiz Updated May 31, 2018

Score 0/38 Timer 07:00
7 Plays Today
Year Movie Title % Correct
1994Ace Ventura: Pet Detective
85.5%
1994The Mask
79%
1997Liar Liar
78.2%
2003Bruce Almighty
75.6%
1995Ace Ventura: When Nature Calls
72.7%
1994Dumb & Dumber
67.2%
2014Dumb and Dumber To
61.6%
1998The Truman Show
61%
2008Yes Man
58%
1996The Cable Guy
55.9%
2000Dr. Seuss' How the Grinch Stole Christmas
52.3%
2007The Number 23
47.3%
2000Me, Myself and Irene
47.2%
2005Fun With Dick and Jane
45.8%
2004Eternal Sunshine of the Spotless Mind
43.8%
1999Man on the Moon
37.7%
1995Batman Forever
36.9%
2013Kick-Ass 2
35.1%
2009A Christmas Carol
33.6%
Year Movie Title % Correct
2004Lemony Snicket's A Series of Unfortunate Events
30.6%
2001The Majestic
27.8%
2008Dr. Seuss' Horton Hears a Who
26.1%
1989Earth Girls Are Easy
16.4%
2017Jim & Andy: The Great Beyond
16%
2013The Incredible Burt Wonderstone
14.6%
1985Once Bitten
13.8%
2011Mr. Poppers Penguins
12.1%
2009I Love You Phillip Morris
8.9%
1998Simon Birch
8.4%
2016The Bad Batch
7.5%
1986Peggy Sue Got Married
7.4%
2016Dark Crimes
7.3%
1988The Dead Pool
7.2%
1989Pink Cadillac
4.1%
1983Copper Mountain
3.6%
1992The Itsy Bitsy Spider
3%
1984Finders Keepers
2.7%
1983All in Good Taste
2.5%

You're not logged in!

Compare scores with friends on all Sporcle quizzes.
OR
Log In

Sporcle TV

Today on Sporcle TV


Watch our educational content, quiz creation guides, and fun videos on Sporcle TV.

Show Comments

Extras

Top Quizzes Today


Score Distribution

Your Account Isn't Verified!

In order to create a playlist on Sporcle, you need to verify the email address you used during registration. Go to your Sporcle Settings to finish the process.

Report this User

Report this user for behavior that violates our Community Guidelines.

Details: